000 00821cad a22002055a 4500
001 L152835
008 110505s20110504xxk f 000 0 eng d
035 _a(Sirsi) u152835
041 0 _aeng
110 2 _aNationwide Building Society
_91019
245 0 0 _aNationwide house price index
_bApril 2011
_h[electronic resource]
260 _c2011
490 0 _aNationwide House Price Index
_vApril 2011
520 _aUnited Kingdom house prices decreased by 0.2% in April 2011. House prices will continue to move sideways or drift modestly lower through 2011.
590 _aKA
651 4 _aUnited Kingdom
_y
690 _aPROPERTY-RESIDENTIAL PROPERTY-RESIDENTIAL PROPERTY MARKET
856 4 0 _uhttps://www.nationwide.co.uk/hpi/historical/Apr_2011.pdf
_zView this item free of charge at www.nationwide.co.uk
942 _n0
999 _c112228
_d112228